Statistics for Pixar Films by Similar Movies Quiz

Click here to take the quiz!

General Stats

  • This quiz has been taken 23 times
  • The average score is 7 of 14

Answer Stats

SimilarPixar% Correct
The Fast and the FuriousCars
100%
AntzA Bug's Life
81%
BraveheartBrave
76%
Jurassic ParkThe Good Dinosaur
71%
Fantastic FourThe Incredibles
48%
PinocchioFinding Nemo
43%
InterstellarLightyear
43%
The Little MermaidLuca
43%
The Book of LifeCoco
38%
SplitInside Out
38%
The Last AirbenderElemental
33%
Old SchoolMonsters University
33%
Teen WolfTurning Red
33%
Hunt For the WilderpeopleUp
33%

Score Distribution

Percentile by Number Answered

Percent of People with Each Score

Your Score History

You have not taken this quiz